Educación y derechos humanos en la Universidad de El Salvador.
| Main Author: | |
|---|---|
| Format: | Section = Libro |
| Language: | Undetermined Spanish |
| Published: |
San José, Costa Rica
CSUCA
1999
|
| Subjects: |
| LEADER | 00630nam a2200205Ia 4500 | ||
|---|---|---|---|
| 008 | 240829s9999 xx 000 0 und d | ||
| 020 | |a 9977-02-027-2 | ||
| 040 | |a BIBLIOTECA-RUSB/ Ref 378 E24 | ||
| 041 | |a spa | ||
| 082 | |a Ref 378 E24 | ||
| 100 | 1 | |a Luna, Ennio | |
| 245 | 1 | 0 | |a Educación y derechos humanos en la Universidad de El Salvador. |
| 260 | |a San José, Costa Rica |b CSUCA |c 1999 | ||
| 300 | |a 240 p. :i. | ||
| 650 | 7 | |a DERECHOS HUMANOS - EL SALVADOR | |
| 650 | 7 | |b DERECHOS POLITICOS - EL SALVADOR | |
| 650 | 7 | |c EDUCACION SUPERIOR - EL SALVADOR. Ruiz, Antonio Eli. Comp | |
| 942 | |c BK |2 ddc | ||
| 991 | |a TEXTO | ||
| 999 | |c 5942 | ||